R. Gupta's popular master gudie NDA: (Record no. 26846)

MARC details
000 -LEADER
fixed length control field 01251naa a2200277 4500
005 - DATE AND TIME OF LATEST TRANSACTION
control field 20090527111452.0
008 - FIXED-LENGTH DATA ELEMENTS--GENERAL INFORMATION
fixed length control field 080918t xxu||||| |||| 00| 0 eng d
010 ## - LCCN (DPL NO)
LC control number ENG-93760
020 ## - INTERNATIONAL STANDARD BOOK NUMBER
Terms of availability 335.00
International Standard Book Number 9788178123790
035 ## - SYSTEM CONTROL NUMBER
System control number EN-77293
037 ## - SOURCE OF ACQUISITION
Source of stock number/acquisition DBAD / PUB
040 ## - CATALOGING SOURCE
Original cataloging agency dpl
Language of cataloging English
082 ## - DEWEY DECIMAL CLASSIFICATION NUMBER
Classification number 000
100 ## - MAIN ENTRY--PERSONAL NAME
Personal name Gupta, Anjani A.
245 ## - TITLE STATEMENT
Title R. Gupta's popular master gudie NDA:
Remainder of title National Defence Academy / Naval Academy examination /
Statement of responsibility, etc by Anjani A. Gupta [and] Karan Dev
250 ## - EDITION STATEMENT
Edition statement throughly rev. ed.
260 ## - PUBLICATION, DISTRIBUTION, ETC. (IMPRINT)
Place of publication, distribution, etc New Delhi
Name of publisher, distributor, etc Ramesh Publishing House
Date of publication, distribution, etc 2009
270 ## - ADDRESS
Address 12-H, New Darya Ganj Road, Opp. Traffic Kotwali
City New Delhi
Postal code 110002
300 ## - PHYSICAL DESCRIPTION
Extent various pagings
Dimensions 24cm(pbk)
610 ## - SUBJECT ADDED ENTRY--CORPORATE NAME
Corporate name or jurisdiction name as entry element Union Public Service Commission
650 ## - SUBJECT ADDED ENTRY--TOPICAL TERM
Topical term or geographic name as entry element NDA (National Defence Academy)
General subdivision Examination, question, etc.
700 ## - ADDED ENTRY--PERSONAL NAME
Personal name Karna Dev
942 ## - ADDED ENTRY ELEMENTS (KOHA)
Institution code [OBSOLETE] dpl
Item type English Books
Source of classification or shelving scheme Dewey Decimal Classification
Call number suffix GUP
Classification part 000
Holdings
Withdrawn status Lost status Source of classification or shelving scheme Damaged status Not for loan Collection code Home library Current library Date acquired Source of acquisition Cost, normal purchase price Total Checkouts Full call number Barcode Date last seen Copy number Cost, replacement price Koha item type
    Dewey Decimal Classification   Not For Loan Non-fiction D.B.Act.Division D.B.Act.Division 27/05/2009 DBAD / PUB 335.00   000 GUP EN-77293 27/05/2009 1 335.00 English Books

© Delhi Public Library
Hit Counter
free hit counter